| 000 | 00511nam a2200157 a 4500 | ||
|---|---|---|---|
| 005 | 20140412111344.0 | ||
| 008 | 041005s19uu xx 00 eng d | ||
| 020 | _a971-92221-2-3 | ||
| 050 |
_aTR(GS) 658.32 _bT11 2003 |
||
| 100 | _aTan, Genevieve Ledesma | ||
| 245 |
_aInstitutional Productivity and school quality through key result areas and rubrics / _cGenevieve Ledesma Tan. |
||
| 260 |
_aLas Pinas : _bSisc Publications, _c2003. |
||
| 300 | _a257 | ||
| 650 | _aManagement of production | ||
| 999 |
_c105191 _d105191 |
||